Stragesetzbuch für das Deutsch Reich ... / (Record no. 165806)

MARC details
000 -LEADER
campo de control de longitud fija 00831nam a22002295i 4500
001 - NÚMERO DE CONTROL
campo de control 165806
003 - IDENTIFICADOR DE NÚMERO DE CONTROL
campo de control ES-MaACL
005 - FECHA Y HORA DE LA ÚLTIMA TRANSACCIÓN
campo de control 20230906213217.0
008 - DATOS DE LONGITUD FIJA--INFORMACIÓN GENERAL
campo de control de longitud fija 050726s1900 gw |||| | ger d
040 ## - FUENTE DE CATALOGACIÓN
Centro catalogador/agencia de origen CAM
Lengua de catalogación spa
Centro/agencia transcriptor CAM
245 00 - MENCIÓN DEL TÍTULO
Título Stragesetzbuch für das Deutsch Reich ... /
Mención de responsabilidad, etc. text Ausgabe mit Anmerfungen und Sachregister von Dr. Hans Rüdorff.
250 ## - MENCION DE EDICION
Mención de edición 20 Auf. von Dr. H. Appelius.
260 ## - PUBLICACIÓN, DISTRIBUCIÓN, ETC.
Lugar de publicación, distribución, etc. Berlin :
Nombre del editor, distribuidor, etc. I. Guttentag,
Fecha de publicación, distribución, etc. 1900.
300 ## - DESCRIPCIÓN FÍSICA
Extensión XXXII, 392 p. ;
Dimensiones 14 cm.
490 1# - MENCIÓN DE SERIE
Mención de serie Guttentag'sche Sammlung Deutscher Reichsgesetze ;
Designación de volumen o secuencia 2
650 #4 - PUNTO DE ACCESO ADICIONAL DE MATERIA--TÉRMINO DE MATERIA
Término de materia o nombre geográfico como elemento de entrada Derecho penal-
Subdivisión geográfica Alemania.
9 (RLIN) 11750
700 1# - ENTRADA AGREGADA--NOMBRE PERSONAL
Nombre de persona Rüdorff, Hans.
9 (RLIN) 132240
700 1# - ENTRADA AGREGADA--NOMBRE PERSONAL
Nombre de persona Appelius, Hugo.
9 (RLIN) 125685
830 0# - PUNTO DE ACCESO ADICIONAL DE SERIE-TÍTULO UNIFORME
Título uniforme Guttentag'sche Sammlung Deutscher Reichsgesetze ;
Designación de volumen o secuencia 2
9 (RLIN) 222498
852 ## - LOCALIZACIÓN
Ubicación ES-MaACL
Número de control de estantería D-5224
Nota libre -- Enc. tela
Holdings
Estatus retirado Estado de pérdida Estado de daño No para préstamo Colección Biblioteca de origen Biblioteca actual Ubicación en estantería Fecha de adquisición Fuente de adquisición Total de préstamos Signatura topográfica completa Código de barras Visto por última vez Precio de reemplazo Tipo de ítem Koha
        Libros del s. XIX Biblioteca del Ateneo de Madrid Biblioteca del Ateneo de Madrid Sala Valle Inclán 17/01/2008     D-5224 901173884 23/02/2023 23/02/2023 Libro impreso antiguo